00802nam a2200241Ia 4500001000600000003000900006008004100015040001300056040001300069041001300082100001900095100002800114245002200142245005700164250001100221260001000232260001300242260004900255300005900304500015100363650001500514650003100529 5320IT-RoPAU130308s9999 xx 000 0 und d aIT-RoPAU cIT-RoPAU aFRANCESE aValade Bernard gCodice Aut. SPICS: 219 aMonde urbain (Le) bEncyclopedie de la Sociologie-Le present En Question a1a ed. aPARIS bLarousse c1975 [1° Ed.:1975 - Ed.Ling.Originale:1975] a"22 p. (prefazione: no ; testo: 22 [pagine: 118-139])" aMondo urbano campagne e Città Industrializzazione e Urbanizzazione Approccio Teorico Alla Città e al fenomeno urbano problematiche urbane Oggi aSOCIOLOGIA eCodice materia Spics: 3651